Дело о выкупе земельных наделов временнообязанными крестьянами Ф.П. Анцыферова сельца Александровки Козловского уезда Тамбовской...

Доступно только в Электронных читальных залах Найти на картеНа карте
RUSMARC
00003975nmc2a2200000 x 450
00143bda55e-314f-41a6-9333-6127f4ed83ab
00520151125090011.0
100##$a20140411l18641864k l0rusy0189 ca
1010#$arus
102##$aRU
2001#$aДело о выкупе земельных наделов временнообязанными крестьянами Ф.П. Анцыферова сельца Александровки Козловского уезда Тамбовской губернии
$j7 августа - декабрь 1864 г.
251##$cДело
300##$aДело
300##$aОриг. заголовок дела: Дело Анцыферова Ф.П. Тамбовской губернии Козловского уезда сельца Александровки. 7 августа 1864 г. - декабрь 1864 г
801#0$aRU
$bРГИА
$c20140411
$gRCR
801#1$aRU
$bГлавНИВЦ
$c20140411
$2rusmarc
801#2$aRU
$bПБ им. Б.Н. Ельцина
$c20151125
$gRCR
$2rusmarc
850##$aРГИА
852##$aРГИА
$eФедеральное казенное учреждение "Российский государственный исторический архив" (РГИА)
$j823
937##$hРГИА
$d11102148
$aASBIBLIO_SCAN
462#0$10017c5e74c9-979b-46fc-b2dd-52a15592f082
$12001
$aДела Главного выкупного учреждения Министерства финансов по Тамбовской губернии
$1251
$cОпись
$1852
$j40
461#0$10018ef30ad5-ff5c-4840-a721-74c62a200f95
$12001
$aГлавное выкупное учреждение Министерства финансов (1861-1895)
$1251
$cФонд
$1852
$j577
215##$a31 л.
$d36,5х26 см
371##$aДокумент не является опубликованным и широко распространяемым
105##$ay###
1222#$ad
5171#$aДело Анцыферова Ф.П. Тамбовской губернии Козловского уезда сельца Александровки. 7 августа 1864 г. - декабрь 1864 г.
035##$a43bda55e-314f-41a6-9333-6127f4ed83ab
Формат отображения